Calidad bacteriológica de aguas de mesa envasadas comercializadas en la ciudad de Bahía Blanca /

Guardado en:
Autor Principal: Franchini, María Clara.
Autor Corporativo: Universidad Nacional del Sur.
Otros Autores: Cubitto, María Amelia., (dir. de tesina.)
Formato: Libro
Idioma:Spanish
Publicado: 2003.
Materias:
Etiquetas: Agregar Etiqueta
Sin Etiquetas, Sea el primero en etiquetar este registro!
LEADER 01023nam a22002535a 4500
001 EUN.eunm000066
008 040302s2003####xx#a#####b####000#0#spa#d
005 20260226110715.0
245 1 0 |a Calidad bacteriológica de aguas de mesa envasadas comercializadas en la ciudad de Bahía Blanca /  |c María Clara Franchini ; dirigida por María Amelia Cubitto. 
260 |c 2003. 
300 |a 33 h. :  |b il. ;  |c 30 cm. 
500 |a Director de tesina: María Amelia Cubitto. 
502 |a Tesina (Licenciatura) -- Universidad Nacional del Sur. Departamento de Biología, Bioquímica y Farmacia, 2003. 
504 |a Bibliografía: p. 26-30. 
100 1 |a Franchini, María Clara. 
700 1 |a Cubitto, María Amelia.,  |e dir. de tesina. 
710 2 |a Universidad Nacional del Sur. 
082 0 4 |a 628.16  |2 19 
650 7 |a Agua  |2 Unbis 
650 7 |a Agua dulce  |2 Unbis 
650 7 |a Calidad del agua  |2 Unbis 
651 0 |a Bahía Blanca (Argentina) 
653 |a Tesinas 
859 |a AR-BaUNS  |b BIB. CENTRAL - Sector A  |h 628.16  |i F846  |p 129152/025  |t Ej.2